| 000 | 00953nam0a22002531 4500 | ||
|---|---|---|---|
| 001 | rc\2355237 | ||
| 005 | 20260407082444.0 | ||
| 035 | _a(NLR Aleph) 006507814 | ||
| 090 |
_a6298497 _c6298497 |
||
| 100 | _a20110829d1977 |||y0rusy50 ca | ||
| 101 | 0 | _arus | |
| 102 | _aRU | ||
| 105 | _aa z ||||| | ||
| 200 | 1 |
_aНаш Большой театр _e[Книга-альбом] _fГос. акад. Большой театр СССР _gСоставление и общ. ред. А.В. Медведева |
|
| 210 |
_aМосква _cИзобраз. искусство _d1977 |
||
| 215 |
_a359 с. _cил., цв. ил. _d32 |
||
| 601 | 0 | 2 |
_aБольшой театр СССР _2rkp |
| 702 | 1 |
_aМедведев _bА.В. _gАлександр Викторович _4220 _4340 |
|
| 712 | 0 | 2 |
_aБольшой театр СССР _3RU\NLR\AUTH\888351 _9289118 |
| 801 | 0 |
_aRU _bNLR _gpsbo |
|
| 801 | 1 |
_aRU _bELAR _2rusmarc |
|
| 852 |
_aNLR _j77-9/151 |
||
| 942 | _cBOOK | ||
| 980 | _aNB | ||